000 00321nas a2200145 a 4500
001 72113
003 146256
005 20201118111008.0
008 ||||||n9999 ||| || ||
245 0 _aSintesis Economica - No.422
260 _c1984.
562 _e0
773 _016191
_aSintesis Economica
942 _cSISS
999 _c72113
_d72113